书目信息 |
| 题名: |
电子设计自动化技术
|
|
| 作者: | 张平华 编著 | |
| 分册: | ||
| 出版信息: | 北京 北京理工大学出版社 2016.08 |
|
| 页数: | 237页 | |
| 开本: | 26cm | |
| 丛书名: | ||
| 单 册: | ||
| 中图分类: | TN702.2 | |
| 科图分类: | ||
| 主题词: | 电子电路--电路设计--计算机辅助设计 | |
| 电子资源: | ||
| ISBN: | 978-7-5682-2859-6 | |
| 000 | 00876nam0 2200241 450 | |
| 001 | 0400006657 | |
| 005 | 20171105113350.0 | |
| 010 | @a978-7-5682-2859-6@dCNY52.00 | |
| 100 | @a20160919d2016 em y0chiy50 ea | |
| 101 | 0 | @achi |
| 102 | @aCN@b110000 | |
| 105 | @ay z 000yy | |
| 106 | @ar | |
| 200 | 1 | @a电子设计自动化技术@Adian zi she ji zi dong hua ji shu@eVerilog HDL版@f张平华[等]编著 |
| 210 | @a北京@c北京理工大学出版社@d2016.08 | |
| 215 | @a237页@d26cm | |
| 304 | @a编著还有:黄秀亮、徐红丽、肖成、孙小进 | |
| 330 | @a全书包括7个项目:三人表决器设计、四位加法器设计、数字电子钟设计、交通管理器设计、简易电子琴设计、步进电动机控制器设计及数字温度计设计。 | |
| 606 | 0 | @a电子电路@x电路设计@x计算机辅助设计 |
| 690 | @aTN702.2@v5 | |
| 701 | 0 | @a张平华@Azhang ping hua@c(女,@f1980~)@4编著 |
| 801 | 0 | @aCN@b上海新华@c20171105 |
| 905 | @b1024050-4@dTN702.2@e350@f5 | |
| 电子设计自动化技术:Verilog HDL版/张平华[等]编著.-北京:北京理工大学出版社,2016.08 |
| 237页;26cm |
| ISBN 978-7-5682-2859-6:CNY52.00 |
| 全书包括7个项目:三人表决器设计、四位加法器设计、数字电子钟设计、交通管理器设计、简易电子琴设计、步进电动机控制器设计及数字温度计设计。 |
| ● |
| 相关链接 |
|
|
|
|
正题名:电子设计自动化技术
索取号:TN702.2/350
 
预约/预借
| 序号 | 登录号 | 条形码 | 馆藏地/架位号 | 状态 | 备注 |
| 1 | 1024050 | 210240504 | 第二样本阅览室/ [索取号:TN702.2/350] | 在馆 | |
| 2 | 1024051 | 210240513 | 密集书库-文学院/ [索取号:TN702.2/350] | 在馆 | |
| 3 | 1024052 | 210240522 | 第三借阅区/ [索取号:TN702.2/350] | 在馆 | |
| 4 | 1024053 | 210240531 | 第三借阅区/ [索取号:TN702.2/350] | 在馆 | |
| 5 | 1024054 | 210240540 | 第三借阅区/ [索取号:TN702.2/350] | 在馆 |